| LEADER 00000nam 2200000uu 4500 |
| 001 13399137019 |
| 003 ULIBM |
| 008 260512s2569||||th 000 0 tha d |
| 020 ^a9786166022711 |
| 050 0 ^aHD1393.55^b.ช432 2569 |
| 100 0 ^aชัยวัฒน์ ริรัตนพงษ์. |
| 245 10 ^aการบริหารอสังหาริมทรัพย์องค์กรอย่างเป็นกลยุทธ์ :^bStrategic corporate real estate management /^cรองศาสตราจารย์ ดร. ชัยวัฒน์ ริรัตนพงษ์. |
| 260 ^aปทุมธานี :^bสำนักพิมพ์มหาวิทยาลัยธรรมศาสตร์,^c2569. |
| 300 ^a156 หน้า. |
| 505 0 ^aส่วนที่ 1 แนวคิดและทฤษฎี -- พื้นฐานและมิติของการจัดการสถานที่ทำงาน -- การบริหารอสังหาริมทรัพย์และกลยุทธ์องค์กร -- ส่วนที่ 2 งานวิจัยที่เกี่ยวข้อง -- การใช้หลัการ ESG ในการบริหารอสังหาริมทรัพย์ขององค์กร -- การประยุกต์ POE และ PDE ในการประเมินความต้องการพื้นที่ห้องสมุด -- การใช้ DAS framework เพื่อปรับปรุงอาคารเรียนสถาปัตยกรรม -- ส่วนที่ 3 บทสรุปและข้อเสนอแนะ |
| 650 7 ^aอาคารสำนักงาน^xการจัดการ. |
| 650 7 ^aการจัดการอสังหาริมทรัพย์. |
| 650 7 ^aสิ่งแวดล้อมในที่ทำงาน. |
| 650 7 ^aการบริหารทรัพยากรกายภาพ. |
| 650 7 ^aการวางแผนเชิงกลยุทธ์. |
| 999 ^aปวีนา มาลยาภรณ์ |